Famous Johns - Statistics

General Stats
  • This quiz has been taken 37 times
  • The average score is 11 of 16
Answer Stats
Picture Answer % Correct
John F. Kennedy
100%
John Lennon
94%
Johnny Depp
94%
John Travolta
91%
John Cena
80%
John Wayne
80%
John Legend
71%
John Wick
71%
John Malkovich
63%
John Cleese
60%
Johnny Bravo
60%
John Krasinski
57%
John Cusack
54%
John Goodman
46%
John McClane
43%
John Stamos
37%
No matching quizzes found
Score Distribution
Percent of People with Each Score
Percentile by Number Answered
Your Score History
You have not taken this quiz